[Event "Happy New Year Everyone"]
[Site "SchemingMind.com"]
[Date "2007.01.01"]
[Round "-"]
[White "diego"]
[Black "cinnamon"]
[Result "1-0"]
[WhiteCountry "ARG"]
[BlackCountry "USA"]
[WhiteElo "1294"]
[WhiteRD "98"]
[BlackElo "766"]
[BlackRD "82"]
[GameID "84773"]

1. e4 e5 2. Nf3 Nf6 3. Nxe5 Nxe4 4. Qe2 Nd6 5. Nc6+ Be7 6. Nxd8 Kxd8 7. d3 f5 8. Qd1 g6 9. Nc3 c5 10. Bf4 Nf7
11. Nd5 b6 12. Nxe7 Kxe7 13. Qe2+ Kf8 14. O-O-O Kg8 15. Re1 Nc6 16. g3 a6 17. Bg2 Bb7 18. c3 d6 19. Qe6 Kf8 20. Bxd6+ Nxd6
21. Qxd6+ Kf7 22. Bxc6
1-0

[Event "Happy New Year Everyone"]
[Site "SchemingMind.com"]
[Date "2007.01.01"]
[Round "-"]
[White "dvalade"]
[Black "mart_r3000"]
[Result "0-1"]
[WhiteCountry "CAN"]
[BlackCountry "ENG"]
[WhiteElo "1201"]
[WhiteRD "88"]
[BlackElo "1286"]
[BlackRD "52"]
[GameID "84774"]

1. e4 e5 2. d4 Qe7 3. d5 Qb4+ 4. Nd2 Nf6 5. c3 Qb6 6. Nc4 Qc5 7. Nxe5 Bd6 8. b4 Qxc3+ 9. Bd2 Qxe5 10. f4 Qxe4+
11. Ne2 O-O 12. Rc1 Nxd5 13. g4 Qxh1 14. f5 Qxh2 15. Nd4 Bg3#
0-1

[Event "Happy New Year Everyone"]
[Site "SchemingMind.com"]
[Date "2007.01.01"]
[Round "-"]
[White "cinnamon"]
[Black "diego"]
[Result "0-1"]
[WhiteCountry "USA"]
[BlackCountry "ARG"]
[WhiteElo "766"]
[WhiteRD "82"]
[BlackElo "1294"]
[BlackRD "98"]
[GameID "84782"]

1. e4 c5 2. Nf3 e6 3. Be2 Nc6 4. O-O Nf6 5. d3 d5 6. Nc3 a6 7. d4 dxe4 8. Ng5 cxd4 9. Bf4 dxc3 10. bxc3 Nd5
11. g3 Be7 12. c4 Nc3 13. f3 Bf6 14. Qe1 Nxe2+ 15. Qxe2 Bxa1 16. Rxa1 Qd4+ 17. Kg2 Qxa1 18. c3 Qxc3 19. Qxe4 g6
0-1

[Event "Happy New Year Everyone"]
[Site "SchemingMind.com"]
[Date "2007.01.01"]
[Round "-"]
[White "mart_r3000"]
[Black "dvalade"]
[Result "1-0"]
[WhiteCountry "ENG"]
[BlackCountry "CAN"]
[WhiteElo "1286"]
[WhiteRD "52"]
[BlackElo "1201"]
[BlackRD "88"]
[GameID "84783"]

1. e4 d5 2. f3 d4 3. d3 e5 4. c3 c5 5. c4 Nf6 6. Qa4+ Bd7 7. Qc2 b5 8. f4 Nc6 9. Nf3 Bd6 10. cxb5 Qa5+
11. Bd2 Nb4 12. Qb3 Bxb5 13. Ng5 Rc8 14. Qxf7+ Kd8 15. Ne6#
1-0

[Event "Happy New Year Everyone"]
[Site "SchemingMind.com"]
[Date "2007.01.01"]
[Round "-"]
[White "Alessandro Dotti Contra"]
[Black "InvernoMuto"]
[Result "0-1"]
[WhiteCountry "ITA"]
[BlackCountry "ITA"]
[WhiteElo "1317"]
[WhiteRD "73"]
[BlackElo "1673"]
[BlackRD "144"]
[GameID "84810"]

1. e4 e5 2. Nf3 Nf6 3. c3 Nxe4 4. Qe2 Nf6 5. d4 e4 6. Ne5 Qe7 7. Bg5 d6 8. Nd2 dxe5 9. Qxe4 h6 10. Bh4 g5
11. Qxe5 gxh4 12. Qxe7+ Bxe7 13. Bb5+ Bd7 14. Bc4 Nc6 15. O-O Rg8 16. Rae1 h3 17. g3 h5 18. d5 Nd8 19. b3 h4 20. Re5 Kf8
21. Rfe1 Bc5 22. b4 Bd6 23. Nf3 Bxe5 24. Nxe5 Bf5 25. Nf3 Be4 26. Nd2 Bxd5 27. Re5 Bxc4 28. Nxc4 hxg3 29. fxg3 Nc6 30. Rf5 Ne4
31. Rd5 Nxc3 32. Rh5 Nxb4 33. Ne5 Nbxa2 34. Nd7+ Ke8 35. Nf6+ Kf8 36. Nh7+ Kg7 37. Rxh3 Rh8 38. Ng5 Rxh3 39. Nxh3 b5 40. Nf2 b4
41. Nd3 b3 42. Kg2 Rd8 43. Nb2 Rd2+ 44. Kh3 Rxb2 45. Kh4 Rxh2+ 46. Kg4 b2 47. Kf4 b1=Q 48. g4 Qe4+ 49. Kg3 Rg2+ 50. Kh3 Qxg4#
0-1

[Event "Happy New Year Everyone"]
[Site "SchemingMind.com"]
[Date "2007.01.01"]
[Round "-"]
[White "InvernoMuto"]
[Black "Alessandro Dotti Contra"]
[Result "1-0"]
[WhiteCountry "ITA"]
[BlackCountry "ITA"]
[WhiteElo "1673"]
[WhiteRD "144"]
[BlackElo "1317"]
[BlackRD "73"]
[GameID "84812"]

1. e4 e5 2. Nf3 Nc6 3. Nc3 Bb4 4. Bc4 Nh6 5. Ng5 Qxg5 6. d4 Qf6 7. a3 Ba5 8. b4 Bb6 9. d5 d6 10. dxc6 bxc6
11. b5 Be6 12. Qf3 Qxf3 13. gxf3 Bd4 14. Bd2 Bxc4 15. bxc6 O-O 16. O-O-O Rab8 17. Bxh6 Bxf2 18. Bd2 Bc5 19. Bg5 Bxa3+ 20. Kd2 Rb2
21. Rb1 Rfb8 22. Rxb2 Bxb2 23. Na4 f6 24. Nxb2 Rxb2 25. Kc3 Ra2 26. Kxc4 Rxc2+ 27. Kd3 Rxc6 28. Be3 g6 29. Bxa7 f5 30. exf5 gxf5
31. Rg1+ Kf7 32. Rg5 e4+ 33. fxe4 f4 34. Rf5+ Ke6 35. Rxf4 Ke5 36. Rh4 Kf6 37. Rxh7 Ke5 38. Rh5+ Ke6 39. Bd4 d5 40. exd5+ Kd6
41. dxc6 Kxc6 42. h4 Kd6 43. Rg5 c6 44. h5
1-0

[Event "Happy New Year Everyone"]
[Site "SchemingMind.com"]
[Date "2007.01.06"]
[Round "-"]
[White "rudiger"]
[Black "dode"]
[Result "1-0"]
[WhiteCountry "INT"]
[BlackCountry "SCO"]
[WhiteElo "1183"]
[WhiteRD "124"]
[BlackElo "1111"]
[BlackRD "107"]
[GameID "85389"]

1. e4 e5 2. Nf3 d6 3. d4 Nc6 4. d5 Qf6 5. dxc6 bxc6 6. c4 d5 7. Bg5 Qd6 8. exd5 Qb4+ 9. Qd2 Rb8 10. Nxe5 Bd6
11. Qxb4 Bxb4+ 12. Nc3 Bf5 13. Nxc6 Rb7 14. Nd8 Ne7 15. Nxb7 f6 16. Bf4 O-O 17. Bxc7 Rc8 18. Bd6 Ng6 19. Bxb4 Ne5 20. Nd6 Bd7
21. Nxc8 Bxc8 22. Rd1 Ba6 23. b3 Bb7 24. Bd6 Nf7 25. Ne4 Bc8 26. Bc5 Bf5 27. Nd6 Ne5 28. Nxf5
1-0

[Event "Happy New Year Everyone"]
[Site "SchemingMind.com"]
[Date "2007.01.04"]
[Round "-"]
[White "Lee Shuck"]
[Black "countlurkula"]
[Result "0-1"]
[WhiteCountry "ENG"]
[BlackCountry "USA"]
[WhiteElo "1299"]
[WhiteRD "60"]
[BlackElo "1279"]
[BlackRD "145"]
[GameID "85390"]

1. e4 e5 2. Nc3 Nf6 3. f4 Bd6 4. Nf3 Nc6 5. d4 exf4 6. d5 Ne5 7. Bxf4 Qe7 8. Nb5 Nxe4 9. Nxe5 Bxe5 10. d6 Nxd6
11. Nxc7+ Kd8 12. Nxa8 Bxf4+ 13. Qe2 Be5 14. O-O-O b6 15. Qg4 Qf6 16. Bc4 Bb7 17. Bd5 Bxb2+ 18. Kb1 Ba3 19. Bxb7 Qb2#
0-1

[Event "Happy New Year Everyone"]
[Site "SchemingMind.com"]
[Date "2007.01.04"]
[Round "-"]
[White "Eamonn"]
[Black "Hexsaw"]
[Result "0-1"]
[WhiteCountry "SCO"]
[BlackCountry "ENG"]
[WhiteElo "1022"]
[WhiteRD "151"]
[BlackElo "1216"]
[BlackRD "107"]
[GameID "85391"]

1. c4 e6 2. d4 d5 3. Bf4 Nc6 4. Qb3 Nf6 5. Na3 a6 6. Qe3 Be7 7. Nf3 O-O 8. Rd1 Nb4 9. g3 Nxa2 10. Bh3 Bb4+
11. Kf1 Re8 12. Be5 Nd7 13. g4 b5 14. g5 g6 15. Qb3 Bxa3 16. Qxa3 bxc4 17. Nh4 c6 18. Bd6 Qxg5 19. Nf3 Qh5 20. Ne5 f6
21. Nf7 Kxf7 22. Bg2 Ne5 23. dxe5 fxe5 24. Bxe5 Qxe5 25. Qf3+ Qf6 26. Rd4 Rb8 27. Bh3 Rxb2 28. Qa3 Rc2 29. Rg1 Qxd4 30. Qf3+ Kg7
31. Rg4 Qd1+ 32. Kg2 Nc3 33. Rg5 Nxe2 34. Re5 Rf8 35. Qa3 Qg1#
0-1

[Event "Happy New Year Everyone"]
[Site "SchemingMind.com"]
[Date "2007.01.05"]
[Round "-"]
[White "dode"]
[Black "rudiger"]
[Result "1-0"]
[WhiteCountry "SCO"]
[BlackCountry "INT"]
[WhiteElo "1111"]
[WhiteRD "107"]
[BlackElo "1183"]
[BlackRD "124"]
[GameID "85397"]

1. Nf3 d6 2. d4 Nf6 3. Na3 Nc6 4. e3 Bg4 5. Qd3 Nb4 6. Qb3 Bxf3 7. gxf3 a5 8. e4 d5 9. Nb5 e6 10. e5 Nd7
11. Bd2 c5 12. c3 Nd3+ 13. Bxd3 c4 14. Bxc4 Nb6 15. Nd6+ Bxd6 16. Qb5+ Kf8 17. exd6 Nxc4 18. Rg1 Nxd6 19. Qc5 b6 20. Qc6 Nc4
21. Bf4 Rc8 22. Qd6+ Nxd6 23. Rd1 Nc4 24. b3 Nb2 25. Rd2 Rxc3 26. Rxb2 b5 27. a4 b4 28. Bg5 f6 29. Bd2 Rxf3 30. Rg2 Qb6
31. Be3 h5 32. h4 Qc6 33. Ke2 Rf5 34. f4 g5 35. hxg5
1-0

[Event "Happy New Year Everyone"]
[Site "SchemingMind.com"]
[Date "2007.01.07"]
[Round "-"]
[White "countlurkula"]
[Black "Lee Shuck"]
[Result "0-1"]
[WhiteCountry "USA"]
[BlackCountry "ENG"]
[WhiteElo "1279"]
[WhiteRD "145"]
[BlackElo "1299"]
[BlackRD "60"]
[GameID "85398"]

1. e4 e5 2. Nf3 Nc6 3. d4 exd4 4. Nxd4 Nf6 5. f3 d5 6. Nc3 Bb4 7. a3 Bxc3+ 8. bxc3 dxe4 9. Qe2 Nxd4 10. cxd4 Qxd4
11. Rb1 O-O 12. Bb2 exf3 13. Qxf3 Re8+ 14. Be2 Qe4 15. Rc1 Bg4
0-1

[Event "Happy New Year Everyone"]
[Site "SchemingMind.com"]
[Date "2007.01.04"]
[Round "-"]
[White "Hexsaw"]
[Black "Eamonn"]
[Result "1-0"]
[WhiteCountry "ENG"]
[BlackCountry "SCO"]
[WhiteElo "1216"]
[WhiteRD "107"]
[BlackElo "1022"]
[BlackRD "151"]
[GameID "85399"]

1. e4 a5 2. d4 e6 3. e5 Nc6 4. Nf3 Qf6 5. Nbd2 Qxe5+ 6. dxe5 Ra6 7. Bb5 Rb6 8. c4 Rxb5 9. cxb5 Bb4 10. O-O Nce7
11. Nb3 h5 12. a3 Rh6 13. Bf4 Rg6 14. Rc1 Nf5 15. Rxc7 Ke7 16. Rxc8 a4 17. Rxg8 Nh6 18. Rc8 Nf5 19. Nbd4 Rg4 20. g3 Nxg3
21. fxg3 Rg6 22. axb4 Rg4 23. Nf5+ exf5 24. Qd6#
1-0

[Event "Happy New Year Everyone"]
[Site "SchemingMind.com"]
[Date "2007.01.06"]
[Round "-"]
[White "gt1329a"]
[Black "andy5698"]
[Result "0-1"]
[WhiteCountry "USA"]
[BlackCountry "ENG"]
[WhiteElo "1244"]
[WhiteRD "75"]
[BlackElo "1260"]
[BlackRD "74"]
[GameID "85528"]

1. d4 d5 2. e3 Nf6 3. Bb5+ Bd7 4. Bxd7+ Nbxd7 5. c3 e5 6. Qa4 Bd6 7. Nf3 O-O 8. Nxe5 Nxe5 9. dxe5 Bxe5 10. h4 Nd7
11. f4 Nc5 12. Qb5 b6 13. Nd2 Bf6 14. b4 Bxc3 15. Rb1 a6 16. Qc6 Rb8 17. Bb2 Nd3+ 18. Ke2 Nxb2 19. Qxc3 Na4 20. Qa3 b5
21. Rh3 Re8 22. h5 h6 23. f5 f6 24. Rh4 Qd6 25. e4 g5 26. Rh3 dxe4 27. Qb3+ Kh8 28. Qf7 Red8 29. Nxe4 Re8 30. Kf3 Qf4+
31. Ke2 Qxe4+ 32. Kd2 Qxb1 33. Qxf6+ Kg8 34. Re3 Qxb4+ 35. Ke2 Rxe3+ 36. Kxe3 Rb6 37. Qd8+ Qf8 38. Qd5+ Qf7 39. Qd8+ Kh7 40. g4 Rd6
41. Qa8 Qxa2 42. Qe4 Rd2 43. Qe7+ Kg8 44. Qe8+ Kh7 45. Qg6+ Kh8 46. Qxh6+ Kg8 47. Qxg5+ Kf8 48. Qf6+ Ke8 49. Qc6+ Rd7 50. Qxa6 Qd2+
51. Kf3 Rd3+ 52. Ke4 Nc5+ 53. Ke5 Nxa6
0-1

[Event "Happy New Year Everyone"]
[Site "SchemingMind.com"]
[Date "2007.01.06"]
[Round "-"]
[White "andy5698"]
[Black "gt1329a"]
[Result "0-1"]
[WhiteCountry "ENG"]
[BlackCountry "USA"]
[WhiteElo "1260"]
[WhiteRD "74"]
[BlackElo "1244"]
[BlackRD "75"]
[GameID "85532"]

1. e4 d5 2. exd5 Qxd5 3. Nc3 Qe5+ 4. Be2 e6 5. Nf3 Qc5 6. Ne4 Qf5 7. Bd3 Qg6 8. Nh4 Qh6 9. g3 f5 10. Nc3 g5
11. Nf3 Qh3 12. Bf1 Qh5 13. Bc4 Qg4 14. Qe2 f4 15. Nd4 Qxe2+ 16. Ndxe2 Bb4 17. gxf4 gxf4 18. Nxf4 Bd6 19. Nxe6 Bxe6 20. Bxe6 Ke7
21. Bxg8 Rxg8 22. Ne4 Bb4 23. c3 Ba5 24. d4 Nd7 25. Bf4 Rg4 26. Bg5+ Rxg5 27. Nxg5 h6 28. b4 Bb6 29. O-O-O hxg5 30. Rde1+ Kf7
31. Reg1 Kf6 32. Rg3 a5 33. b5 c5 34. bxc6 bxc6 35. Rhg1 Rg8 36. h4 Bc7 37. Rf3+ Bf4+ 38. Re3 g4 39. Rxg4 Rxg4 40. h5 Rg1+
41. Kd2 Ra1 42. Ke2 Rxa2+ 43. Kf3 Bh6 44. Re2 Ra3 45. Re3 c5 46. d5 Ne5+ 47. Ke2 Ra2+ 48. Ke1 Bxe3 49. fxe3 Nd3+ 50. Kf1 a4
51. h6 Kg6 52. d6 Ne5 53. e4 Kxh6 54. c4 a3 55. Ke1 Rb2 56. Kd1 a2 57. Kc1 a1=Q#
0-1

[Event "Happy New Year Everyone"]
[Site "SchemingMind.com"]
[Date "2007.01.07"]
[Round "-"]
[White "Quinlans Dad"]
[Black "Solo1234"]
[Result "1-0"]
[WhiteCountry "USA"]
[BlackCountry "USA"]
[WhiteElo "1209"]
[WhiteRD "92"]
[BlackElo "1193"]
[BlackRD "99"]
[GameID "85838"]

1. c4 e5 2. d4 e4 3. Nc3 f5 4. f3 Bb4 5. a3 Qh4+ 6. g3 Qf6 7. axb4 e3 8. Nd5 Qc6 9. Bh3 d6 10. Bxe3 Be6
11. b5 Qxc4 12. Nf4 c6 13. bxc6 bxc6 14. Ra4 Qb5 15. Nxe6 Qxb2 16. Nc7+ Kd8 17. Nxa8 Qc3+ 18. Bd2 Qb2 19. Bxf5 g6 20. Be6 Nf6
21. Rxa7 Qxd4 22. Rb7 h6 23. Ba5+
1-0

[Event "Happy New Year Everyone"]
[Site "SchemingMind.com"]
[Date "2007.01.07"]
[Round "-"]
[White "Solo1234"]
[Black "Quinlans Dad"]
[Result "1-0"]
[WhiteCountry "USA"]
[BlackCountry "USA"]
[WhiteElo "1193"]
[WhiteRD "99"]
[BlackElo "1209"]
[BlackRD "92"]
[GameID "85845"]

1. e4 d5 2. e5 d4 3. f4 f5 4. Bd3 Qd5 5. Kf2 Nh6 6. b3 Ng4+ 7. Kg3 g5 8. fxg5 Qxe5+ 9. Kh4 Qg7 10. Ba3 h6
11. Bb5+ c6 12. Bc4 Nf2 13. Qh5+ Kd7 14. gxh6 Rxh6 15. Qxh6 Qxh6+ 16. Kg3 Nxh1+ 17. Kf3 b5 18. Bd3 Qxh2 19. Bxf5+ e6 20. Bd3 Qg3+
21. Ke4 Nf2+ 22. Kxd4 Qxg2 23. Ne2
1-0

[Event "Happy New Year Everyone"]
[Site "SchemingMind.com"]
[Date "2007.01.16"]
[Round "-"]
[White "mart_r3000"]
[Black "Lee Shuck"]
[Result "1-0"]
[WhiteCountry "ENG"]
[BlackCountry "ENG"]
[WhiteElo "1286"]
[WhiteRD "52"]
[BlackElo "1299"]
[BlackRD "60"]
[GameID "87241"]

1. e4 e5 2. d4 exd4 3. Qxd4 Nc6 4. Qd1 Nf6 5. Nc3 Bc5 6. Nh3 d6 7. Nd5 Nxe4 8. Qe2 Bxf2+ 9. Nxf2 Nd4 10. Qxe4+ Be6
11. Qxd4 c5 12. Qxg7 Kd7 13. Bb5+ Kc8 14. Bg5 Qg8 15. Ne7+ Kd8 16. Nxg8+ Kc7 17. Qxh8 a6 18. Be2 Bd5 19. O-O-O Bxg2 20. Rhe1
1-0

[Event "Happy New Year Everyone"]
[Site "SchemingMind.com"]
[Date "2007.01.16"]
[Round "-"]
[White "Lee Shuck"]
[Black "mart_r3000"]
[Result "1-0"]
[WhiteCountry "ENG"]
[BlackCountry "ENG"]
[WhiteElo "1299"]
[WhiteRD "60"]
[BlackElo "1286"]
[BlackRD "52"]
[GameID "87248"]

1. e4 c5 2. c3 e5 3. Bb5 c4 4. Nf3 Bd6 5. Bxc4 Nh6 6. d4 exd4 7. Qxd4 Qe7 8. Bxh6 f6 9. Be3 Nc6 10. Qd5 a6
11. O-O b6 12. Rd1 Bb7 13. Qh5+ g6 14. Qh4 O-O-O 15. Bxb6 Rde8 16. Bd5 g5 17. Qg4 h5 18. Qf5 Kb8 19. Na3 g4 20. Nh4 g3
21. fxg3 Bc5+ 22. Bxc5 Qxc5+ 23. Qf2 Qd6 24. Nc4 Qe7 25. Ng6 Qh7 26. Nxh8 Rxh8 27. Qxf6 Bc8 28. Qd6+ Kb7 29. Na5+ Kb6 30. Nxc6 Bb7
31. Nb4+ Ka7 32. Bxb7 Qg8 33. Qxa6+ Kb8 34. Rxd7
1-0

[Event "Happy New Year Everyone"]
[Site "SchemingMind.com"]
[Date "2007.02.15"]
[Round "-"]
[White "Solo1234"]
[Black "gt1329a"]
[Result "0-1"]
[WhiteCountry "USA"]
[BlackCountry "USA"]
[WhiteElo "1171"]
[WhiteRD "93"]
[BlackElo "1200"]
[BlackRD "70"]
[GameID "92311"]

1. e4 d5 2. e5 c6 3. d4 Qa5+ 4. c3 e6 5. b4 Qd8 6. Nh3 b5 7. Qf3 f5 8. Bg5 Be7 9. Be3 g5 10. Qh5+ Kf8
11. Bxg5 Qe8 12. Qf3 Qf7 13. Nd2 h6 14. Bxe7+ Nxe7 15. Nf4 h5 16. g3 a5 17. Bh3 a4 18. O-O-O a3 19. c4 bxc4 20. Nb1 Ng6
21. Nxa3 Rxa3 22. Qxa3 Na6 23. Nxh5 Rxh5 24. Bg2 f4 25. gxf4 Qxf4+ 26. Rd2 Rxh2 27. Rxh2 Qxh2 28. f3 Qg1+ 29. Kc2 Nf4 30. Qa5 Ke8
31. Qb6 Nxg2 32. Qxc6+ Kd8 33. Qd6+ Ke8 34. Rd1 Ne3+ 35. Kd2 Nxd1
0-1

[Event "Happy New Year Everyone"]
[Site "SchemingMind.com"]
[Date "2007.02.15"]
[Round "-"]
[White "gt1329a"]
[Black "Solo1234"]
[Result "1-0"]
[WhiteCountry "USA"]
[BlackCountry "USA"]
[WhiteElo "1200"]
[WhiteRD "70"]
[BlackElo "1171"]
[BlackRD "93"]
[GameID "92317"]

1. d4 d5 2. e3 e6 3. Bb5+ c6 4. Bd3 Nh6 5. c4 Bb4+ 6. Bd2 c5 7. dxc5 Bxc5 8. cxd5 Qxd5 9. Qa4+ Bd7 10. Bb5 Qxg2
11. Bb4 Qxh1 12. Kf1 a6 13. Bxd7+ Nxd7 14. Bxc5 b5 15. Qd4 Nf5 16. Qf4 g5 17. Qb4 Nh4 18. Qg4 Ne5 19. Qxg5 Neg6 20. Nd2 h6
21. Qf6 Rg8 22. Nf3 Qg2+ 23. Ke2 Rc8 24. Rc1 Rc7 25. Nxh4 Nxh4 26. Qxh4 Rg4 27. Qxh6 e5 28. Qf8+ Kd7 29. Qxf7+ Kc6 30. Bb4+
1-0

[Event "Happy New Year Everyone"]
[Site "SchemingMind.com"]
[Date "2007.03.20"]
[Round "-"]
[White "InvernoMuto"]
[Black "Hexsaw"]
[Result "0-1"]
[WhiteCountry "ITA"]
[BlackCountry "ENG"]
[WhiteElo "1529"]
[WhiteRD "119"]
[BlackElo "1285"]
[BlackRD "79"]
[GameID "97212"]

1. e4 c5 2. Nf3 Nf6 3. Nc3 e6 4. Bc4 d5 5. exd5 exd5 6. Bb5+ Bd7 7. O-O Bd6 8. Bxd7+ Qxd7 9. Re1+ Be7 10. d3 O-O
11. Ne5 Qf5 12. Nf3 Nc6 13. Bd2 Rfe8 14. Nb5 Rac8 15. c3 c4 16. Nfd4 Qxd3 17. Nxc6 Rxc6 18. Re3 Qg6 19. Rg3 Qe4 20. f3 Qe5
21. Rg5 Qe6 22. Nd4 Qd7 23. Nxc6 Qxc6 24. Re5 Qb6+ 25. Be3 Qxb2 26. Bd4 b6 27. Qc1 Ba3
0-1

[Event "Happy New Year Everyone"]
[Site "SchemingMind.com"]
[Date "2007.03.20"]
[Round "-"]
[White "Hexsaw"]
[Black "InvernoMuto"]
[Result "1-0"]
[WhiteCountry "ENG"]
[BlackCountry "ITA"]
[WhiteElo "1285"]
[WhiteRD "79"]
[BlackElo "1529"]
[BlackRD "119"]
[GameID "97223"]

1. d4 d5 2. Nc3 Nf6 3. Nf3 Nc6 4. e3 Bd7 5. Bb5 e6 6. O-O Be7 7. Bd2 O-O 8. Re1 Bb4 9. a3 Bxc3 10. Bxc3 Ne7
11. Qe2 c6 12. Bd3 b5 13. b4 a6 14. Ne5 Qc7 15. a4 bxa4 16. Rxa4 c5 17. dxc5 Bxa4 18. f4 Bb5 19. g4 Bxd3 20. cxd3 Nc6
21. g5 Ne8 22. Rf1 Nxe5 23. fxe5 Qe7 24. Qg2 Nc7 25. e4 Nb5 26. Ba1 d4 27. Rc1
1-0

[Event "Happy New Year Everyone"]
[Site "SchemingMind.com"]
[Date "2007.03.29"]
[Round "-"]
[White "diego"]
[Black "dode"]
[Result "1-0"]
[WhiteCountry "ARG"]
[BlackCountry "SCO"]
[WhiteElo "1353"]
[WhiteRD "100"]
[BlackElo "1041"]
[BlackRD "99"]
[GameID "97975"]

1. e4 e5 2. Nf3 Nc6 3. Bb5 a6 4. Ba4 b5 5. Bb3 Qf6 6. O-O Bb7 7. d3 Bc5 8. Be3 d6 9. Ng5 Nb4 10. c3 Nc6
11. Nxf7 Na5 12. Bg5 Qxf7 13. Bxf7+ Kf8 14. Qf3
1-0

[Event "Happy New Year Everyone"]
[Site "SchemingMind.com"]
[Date "2007.03.29"]
[Round "-"]
[White "dode"]
[Black "diego"]
[Result "0-1"]
[WhiteCountry "SCO"]
[BlackCountry "ARG"]
[WhiteElo "1041"]
[WhiteRD "99"]
[BlackElo "1353"]
[BlackRD "100"]
[GameID "97986"]

1. e4 c5 2. Nf3 Nc6 3. Nc3 Qc7 4. Qe2 e5 5. Qe3 Nf6 6. Bc4 Be7 7. O-O b6 8. Nd5 Nxd5 9. Bxd5 O-O 10. c3 Kh8
11. d3 f5 12. a4 f4 13. Qd2 Bb7 14. Nxe5 Qxe5 15. b4 Bd6 16. Bb2 f3 17. d4 Qxh2#
0-1

[Event "Happy New Year Everyone"]
[Site "SchemingMind.com"]
[Date "2007.04.23"]
[Round "-"]
[White "diego"]
[Black "gt1329a"]
[Result "1-0"]
[WhiteCountry "ARG"]
[BlackCountry "USA"]
[WhiteElo "1370"]
[WhiteRD "102"]
[BlackElo "1208"]
[BlackRD "75"]
[GameID "102132"]

1. d4 d5 2. c4 dxc4 3. e3 b5 4. b3 cxb3 5. Bxb5+ c6 6. Bc4 bxa2 7. Bxa2 Qa5+ 8. Bd2 Qg5 9. Qf3 Qf5 10. Ba5 Qxa5+
11. Nd2 Qc3 12. Qxf7+ Kd7 13. Be6+ Kc7 14. Qf4+ Kb7 15. Rb1+ Ka6 16. Bxc8+ Ka5 17. Qf7 Na6 18. Qa2+
1-0

[Event "Happy New Year Everyone"]
[Site "SchemingMind.com"]
[Date "2007.04.23"]
[Round "-"]
[White "gt1329a"]
[Black "diego"]
[Result "0-1"]
[WhiteCountry "USA"]
[BlackCountry "ARG"]
[WhiteElo "1194"]
[WhiteRD "76"]
[BlackElo "1402"]
[BlackRD "102"]
[GameID "102138"]

1. e4 c5 2. d4 cxd4 3. Qxd4 Nc6 4. Qa4 e5 5. h4 Nf6 6. Bg5 Bc5 7. Qb5 d6 8. Be2 a6 9. Qc4 Be6 10. Qa4 b5
11. Bxb5 axb5 12. Qxb5 Bd7 13. f4 Nd4 14. Qc4 Qa5+ 15. c3 Nc2+ 16. Ke2 Bb5 17. b4 Bxc4+ 18. Kd2 Nxb4 19. a3 Nxe4+ 20. Ke1 Nc2+
21. Kd1 Nxa3 22. Nxa3 Bxa3 23. Rxa3 Qxa3 24. fxe5 dxe5 25. Ke1 Qxc3+ 26. Kd1 Ra1+ 27. Bc1 Qd2#
0-1

[Event "Happy New Year Everyone"]
[Site "SchemingMind.com"]
[Date "2007.05.21"]
[Round "-"]
[White "mart_r3000"]
[Black "Hexsaw"]
[Result "1-0"]
[WhiteCountry "ENG"]
[BlackCountry "ENG"]
[WhiteElo "1357"]
[WhiteRD "58"]
[BlackElo "1317"]
[BlackRD "78"]
[GameID "106188"]

1. e4 c5 2. Nf3 Nf6 3. Nc3 e6 4. Ne5 Bd6 5. Nxf7 Kxf7 6. b3 Nc6 7. Nb5 Be5 8. f4 Bxf4 9. Bc4 Nxe4 10. O-O g5
11. d3 a6 12. dxe4 axb5 13. Qh5+ Kg8 14. g3 bxc4 15. Bxf4 d5 16. Bd6 Ne5 17. Bxe5 Bd7 18. Qf7#
1-0

[Event "Happy New Year Everyone"]
[Site "SchemingMind.com"]
[Date "2007.05.21"]
[Round "-"]
[White "Hexsaw"]
[Black "mart_r3000"]
[Result "1-0"]
[WhiteCountry "ENG"]
[BlackCountry "ENG"]
[WhiteElo "1305"]
[WhiteRD "79"]
[BlackElo "1278"]
[BlackRD "60"]
[GameID "106195"]

1. d4 Nf6 2. Nf3 Ne4 3. Nbd2 d5 4. e3 e6 5. Ne5 Bb4 6. a3 Bd6 7. Nxe4 Bxe5 8. dxe5 dxe4 9. f4 exf3 10. gxf3 Qh4+
11. Ke2 O-O 12. Qd4 Qh5 13. h3 Nc6 14. Qd3 Nxe5 15. Qe4 Bd7 16. Rg1 Bb5+ 17. Ke1 Nxf3+ 18. Kf2 Rad8 19. Be2 Bxe2 20. Kxe2 Nxg1+
21. Kf1
1-0

[Event "Happy New Year Everyone"]
[Site "SchemingMind.com"]
[Date "2007.07.18"]
[Round "-"]
[White "diego"]
[Black "Hexsaw"]
[Result "0-1"]
[WhiteCountry "ARG"]
[BlackCountry "ENG"]
[WhiteElo "1339"]
[WhiteRD "97"]
[BlackElo "1332"]
[BlackRD "74"]
[GameID "113164"]

1. d4 d5 2. c4 e6 3. Nc3 Nc6 4. Nf3 Bb4 5. Bd2 Nf6 6. Qc2 a6 7. cxd5 Nxd4 8. Nxd4 e5 9. Qa4+ Bd7 10. Qxb4 b5
11. Qc5 exd4 12. Qxd4 O-O
0-1

[Event "Happy New Year Everyone"]
[Site "SchemingMind.com"]
[Date "2007.07.18"]
[Round "-"]
[White "Hexsaw"]
[Black "diego"]
[Result "1-0"]
[WhiteCountry "ENG"]
[BlackCountry "ARG"]
[WhiteElo "1332"]
[WhiteRD "74"]
[BlackElo "1339"]
[BlackRD "97"]
[GameID "113174"]

1. d4 d5 2. Nf3 Nf6 3. Nc3 c6 4. e3 Bf5 5. Be2 Nbd7 6. O-O Qc7 7. Bd3 e6 8. Re1 Bd6 9. Bxf5 exf5 10. Ne5 Nxe5
11. dxe5 Bxe5 12. Qd3 Ne4 13. f3
1-0